|
|
|
|
| LEADER |
00000naa2a2200000 4500 |
| 001 |
105888 |
| 005 |
20231221131139.0 |
| 035 |
|
|
|a (RuTPU)RU\TPU\book\114260
|
| 090 |
|
|
|a 105888
|
| 100 |
|
|
|a 20061123d2003 k y0rusy50 ca
|
| 101 |
0 |
|
|a rus
|
| 102 |
|
|
|a RU
|
| 200 |
1 |
|
|a Оценка влияния технологических факторов на надёжность межвитковой изоляции
|f А. П. Леонов, О. В. Чернецова, Т. А. Шмырин
|
| 463 |
|
0 |
|0 (RuTPU)RU\TPU\book\62183
|t Электроэнергетика, электротехнические системы и комплексы
|o материалы международной научно-технической конференции, Томск, 3-5 сентября 2003 г.
|f Томский политехнический университет; Сибирское отделение РАН
|v С. 216-219
|d 2003
|p 323 с.
|
| 610 |
1 |
|
|a изоляция
|
| 610 |
1 |
|
|a межвитковая изоляция
|
| 610 |
1 |
|
|a надёжность
|
| 610 |
1 |
|
|a труды учёных ТПУ
|
| 700 |
|
1 |
|a Леонов
|b А. П.
|c специалист в области электротехники
|c доцент Томского политехнического университета, кандидат технических наук
|f 1974-
|g Андрей Петрович
|3 (RuTPU)RU\TPU\pers\27883
|9 12899
|
| 701 |
|
1 |
|a Чернецова
|b О. В.
|
| 701 |
|
1 |
|a Шмырин
|b Т. А.
|
| 801 |
|
1 |
|a RU
|b 63413507
|c 20061123
|g PSBO
|
| 801 |
|
2 |
|a RU
|b 63413507
|c 20151112
|g RCR
|
| 942 |
|
|
|c BK
|